Closest Together Melbourne Railway Stations - Statistics

General Stats
  • This quiz has been taken 171 times
    170 since last reset
  • The average score is 14 of 30
Answer Stats
Distance (metres) Station Station % Correct
570 Richmond East Richmond
72%
East Richmond
69%
589 Collingwood Victoria Park
66%
Collingwood
66%
617 North Richmond Collingwood
66%
North Richmond
66%
504 West Richmond North Richmond
63%
Victoria Park
62%
Flagstaff
60%
613 Melbourne Central Flagstaff
60%
Merri
58%
498 Rushall Merri
58%
418 Riversdale Willison
56%
Willison
54%
731 Brunswick Anstey
50%
Alamein
46%
Anstey
42%
729 Ashburton Alamein
42%
719 Middle Footscray West Footscray
42%
644 Northcote Croxton
42%
West Footscray
41%
726 Kensington Newmarket
39%
Croxton
37%
Newmarket
36%
660 Glenbervie Strathmore
27%
Strathmore
26%
Bentleigh
22%
631 McKinnon Bentleigh
22%
733 Merlynston Fawkner
15%
Fawkner
14%
No matching quizzes found
Score Distribution
Percent of People with Each Score
Percentile by Number Answered
Your Score History
You have not taken this quiz since the last reset